Delitos cambiarios y responsabilidad penal de las personas jurídicas (Registro nro. 7320)

Detalles MARC
000 -LEADER
fixed length control field 00780 a2200205 4500
001 - CONTROL NUMBER
control field 61456
005 - DATE AND TIME OF LATEST TRANSACTION
control field 20260407155905.0
008 - FIXED-LENGTH DATA ELEMENTS--GENERAL INFORMATION
fixed length control field 260407a1990 arg spa d
003 - CONTROL NUMBER IDENTIFIER
control field AR-UNSa-BCEJYS
040 ## - CATALOGING SOURCE
Original cataloging agency AR-UNSa-BCEJYS
Language of cataloging spa
Transcribing agency AR-UNSa-BCEJYS
080 ## - UNIVERSAL DECIMAL CLASSIFICATION NUMBER
Universal Decimal Classification number 343.359
Common auxiliary subdivision Delitos contra el fisco y otras autoridades administrativas (Derecho Penal Tributario, Delitos fiscales)
020 ## - INTERNATIONAL STANDARD BOOK NUMBER
International Standard Book Number 978-950-14-0264-3
041 ## - LANGUAGE CODE
Language code of text/sound track or separate title spa
100 1# - MAIN ENTRY--PERSONAL NAME
Personal name Moncayo, Néstor J.
245 10 - TITLE STATEMENT
Title Delitos cambiarios y responsabilidad penal de las personas jurídicas
Name of part/section of a work En la ley penal cambiaria, en el Código Aduanero, Procedimiento ante el B.C.R.A.
264 #1 - PRODUCTION, PUBLICATION, DISTRIBUTION, MANUFACTURE, AND COPYRIGHT NOTICE
Place of production, publication, distribution, manufacture Buenos Aires :
Name of producer, publisher, distributor, manufacturer Ediciones Depalma
Date of production, publication, distribution, manufacture, or copyright notice 1990
300 ## - PHYSICAL DESCRIPTION
Extent viii, 97 p.
Dimensions 20 cm.
590 ## - LOCAL NOTE (RLIN)
Local note niveau_biblio:m niveau_hierar:0
942 ## - ADDED ENTRY ELEMENTS (KOHA)
Koha item type
Existencias
Withdrawn status Lost status Damaged status Not for loan Home library Current library Shelving location Date acquired Total checkouts Full call number Barcode Date last seen Price effective from Koha item type
        Biblioteca Prof. Eusebio Cleto del Rey Biblioteca Prof. Eusebio Cleto del Rey   07/04/2026   343.359 M737 L58059 07/04/2026 07/04/2026 Libro